000 01431nam0a2200349 4500
001 RU\NLR\BIBL_A\012423177
005 20210111160211.0
010 _a978-5-906791-47-4
_95000
021 _aRU
_bКН-П-20-050490
_9КН-П-20-3803
035 _a(NLR Aleph) 012423177
035 _a(RuMoRGB)010410694
090 _a11837604
_c11837604
100 _a20201218d2019 e y0rusy50 ca
101 1 _arus
_ceng
102 _aRU
105 _ay|||zzzz000 y
181 0 _ai
_baxxe
182 0 _an
200 1 _aСвятой, Серфингист и Директор
_eудивительная история о том, как можно жить по велению сердца
_fРобин Шарма
_g[перевод с английского Н. Лебедевой]
203 _aТекст
_bвизуальный
_cнепосредственный
210 _aМосква
_cСофия
_d2019
215 _a252, [2] с.
_d20
300 _aЗагл. и авт. ориг.: The Saint, the Surfer and the CEO / Robin S. Sharma
333 _a16+
454 0 _12001#$aThe Saint, the Surfer and the CEO$fRobin Sharma
_1700#1$3RU\NLR\auth\7782527$7ba$aSharma$bR. S.$gRobin S$4070
686 1 _aШ6(7К)167-440.4{Лх1960-18}
700 1 _aШарма
_bР. С.
_f1965-
_gРобин С.
_3RU\NLR\AUTH\7727943
942 _cBOOK
980 _aNBR
980 _aNB